Brand Logos - Statistics

General Stats
  • This quiz has been taken 36 times
  • The average score is 192 of 279
Answer Stats
Picture Answer % Correct
Google
97%
Coca-Cola
93%
Dunkin'
93%
Monster Energy
93%
BMW
90%
PlayStation
90%
Red Bull
90%
Tesla
90%
TikTok
90%
Toyota
90%
Adidas
87%
Amazon
87%
Apple
87%
Disney
87%
Dove
87%
Facebook
87%
Ford
87%
IKEA
87%
JetPunk
87%
Lego
87%
Levi's
87%
Louis Vuitton
87%
McDonald's
87%
Microsoft
87%
Netflix
87%
Nike
87%
Olympics
87%
PayPal
87%
Pepsi
87%
Pizza Hut
87%
The North Face
87%
Twitter
87%
Visa
87%
Wikipedia
87%
Yahoo
87%
7-Eleven
83%
Dell
83%
Fanta
83%
FedEx
83%
Gmail
83%
Goodyear
83%
Harley-Davidson
83%
Instagram
83%
KFC
83%
Lay's
83%
Lipton
83%
Mastercard
83%
Mercedes-Benz
83%
NBA
83%
Nestlé
83%
Oreo
83%
Playboy
83%
Reese's
83%
Rolex
83%
Samsung
83%
Skype
83%
Snickers
83%
Spotify
83%
Sprite
83%
Starbucks
83%
Subway
83%
Target
83%
The New York Times
83%
UPS
83%
Volkswagen
83%
Walmart
83%
Youtube
83%
Air Jordan
80%
Android
80%
Angry Birds
80%
Audi
80%
BBC
80%
Candy Crush
80%
Chevrolet
80%
Chrome
80%
Domino's
80%
Doritos
80%
eBay
80%
Firefox
80%
Gatorade
80%
Gucci
80%
Hertz
80%
Honda
80%
Honda
80%
Lacoste
80%
Lexus
80%
LG
80%
LinkedIn
80%
Monopoly
80%
NFL
80%
Pampers
80%
Pringles
80%
Puma
80%
Reddit
80%
Safari
80%
Shell
80%
Snapchat
80%
Taco Bell
80%
WhatsApp
80%
Burger King
77%
Cartoon Network
77%
Chanel
77%
Cheetos
77%
Chick-fil-A
77%
Ferrari
77%
Home Alone
77%
Mr. Clean
77%
Nerf
77%
New Balance
77%
Nickelodeon
77%
Old Spice
77%
Pinterest
77%
Skittles
77%
Smarties
77%
T-Mobile
77%
Toys "R" Us
77%
Toy Story
77%
Under Armour
77%
Virgin
77%
Wendy's
77%
Bentley
73%
Best Buy
73%
BIC
73%
Discord
73%
Dodge
73%
Dr Pepper
73%
Fruit of the Loom
73%
Intel
73%
iTunes
73%
Jaguar
73%
Jif
73%
John Deere
73%
KitKat
73%
Kraft
73%
Marvel
73%
Minecraft
73%
Mountain Dew
73%
Nissan
73%
Ray-Ban
73%
Subaru
73%
Tiffany
73%
Vans
73%
Volvo
73%
Warner Bros.
73%
Xbox
73%
American Airlines
70%
AT&T
70%
Baskin-Robbins
70%
Beats
70%
Crunch
70%
DreamWorks
70%
Excel
70%
Firestone
70%
Hershey's
70%
IBM
70%
Lamborghini
70%
Monsters, Inc.
70%
Roblox
70%
The Home Depot
70%
Wilson
70%
Aldi
67%
Aquafina
67%
Arby's
67%
Atari
67%
Avengers
67%
Blockbuster
67%
Converse
67%
Dolby
67%
Explorer
67%
Heineken
67%
In-N-Out Burger
67%
Kellogg's
67%
Kodak
67%
Michelin
67%
Motorola
67%
NBC
67%
Toblerone
67%
Airbnb
63%
Cadbury
63%
Chipotle
63%
Chips Ahoy!
63%
Crocs
63%
Dole
63%
Fiat
63%
Heinz
63%
Krispy Kreme
63%
Meta
63%
Mini
63%
SoundCloud
63%
Suzuki
63%
Tabasco
63%
Verizon
63%
Arm & Hammer
60%
Cadillac
60%
CBS
60%
Clorox
60%
Costco
60%
Knorr
60%
Lululemon
60%
Mattel
60%
Mitsubishi
60%
Porsche
60%
Skechers
60%
Tide
60%
Yamaha
60%
Alfa Romeo
57%
Barclays
57%
Blu-ray
57%
BP
57%
Cap'n Crunch
57%
Chevron
57%
Clash of Clans
57%
Hilton
57%
Little Caesars
57%
Mazda
57%
Mustang
57%
Quaker Oats
57%
Ralph Lauren
57%
Sega
57%
Tostitos
57%
Tripadvisor
57%
Whataburger
57%
Adobe
53%
Big Boy
53%
Cheerios
53%
Citi
53%
Dropbox
53%
evian
53%
Fritos
53%
Hoover
53%
Panera Bread
53%
Škoda Auto a.s.
53%
Umbro
53%
Unilever
53%
Acura
50%
Campbell's
50%
Chiquita
50%
GarageBand
50%
Gerber
50%
Infiniti
50%
Klondike
50%
Lincoln
50%
Maserati
50%
Peugeot
50%
Sunkist
50%
Versace
50%
American Express
47%
Citroën
47%
Hermès
47%
Lufthansa
47%
Premier League
47%
Qantas
47%
SEAT
47%
Texas Instruments
47%
Wonder Bread
47%
AOL
43%
Bacardi
43%
Buick
43%
General Mills
43%
Guinness
43%
Morton
43%
Nescafé
43%
Opel
43%
Sephora
43%
Tim Hortons
43%
Xerox
43%
Yoplait
43%
Chupa Chups
40%
Fortnite
40%
ING
40%
Scion
40%
Uniqlo
37%
Sprint
33%
Swarovski
33%
Häagen-Dazs
30%
Fuji
23%
Starter
20%
AOL Instant Messenger
17%
TiVo
17%
No matching quizzes found
Score Distribution
Percent of People with Each Score
Percentile by Number Answered
Your Score History
You have not taken this quiz